header

Chief Bender's burden (Record no. 129048)

MARC details
000 -LEADER
fixed length control field 01398nam a2200337 a 4500
082 04 - DEWEY DECIMAL CLASSIFICATION NUMBER
Classification number 796.357092
-- B
100 1# - MAIN ENTRY--AUTHOR NAME
Personal name Swift, Tom.
245 10 - TITLE STATEMENT
Title Chief Bender's burden
260 ## - PUBLICATION, DISTRIBUTION, ETC. (IMPRINT)
Place of publication Lincoln :
Name of publisher University of Nebraska Press,
Year of publication c2008.
300 ## - PHYSICAL DESCRIPTION
Number of Pages 339 p. :
Other physical details ill.
650 #0 - SUBJECT ADDED ENTRY--TOPICAL TERM
Topical Term Baseball players
Topical Term Indian baseball players
856 40 - ELECTRONIC LOCATION AND ACCESS
Uniform Resource Identifier http://site.ebrary.com/lib/rucke/Doc?id=10217022

No items available.

© 2026 Rongo University
Contact us: librarian | system librarian | Rongo university